000 01969nam0a2200337 4500
001 RU\NLR\BIBL_A\011264049
005 20260408154934.0
010 _a978-5-906855-02-2
_9100
021 _aRU
_b2016-82480
_95386
035 _a(NLR Aleph) 011264049
090 _a12233149
_c12233149
100 _a20161109d2016 u y0rusy50 ca
101 0 _arus
102 _aRU
105 _aa|||j|||000yy
200 1 _aДезинфекция и стерилизация
_eучебное пособие
_e[для студентов специальностей 31.05.01 "Лечебное дело", 31.05.03 "Стоматология", 33.05.01 "Фармация"]
_fН.А. Правосудова, В.Л. Мельников, М.И. Морозова
_gМ-во образования и науки РФ, Федер. гос. бюджет. обюразоват. учреждение высш. образования "Пенз. гос. ун-т" (ПГУ)
210 _aПенза
_cИзд-во ПГУ
_d2016
215 _a64, [3] с.
_cил.
_d20
320 _aБиблиогр. в конце кн. (11 назв.)
606 1 _aДезинфекция
_jУчебные издания для высших учебных заведений
_91118533
_3RU\NLR\AUTH\66123113
606 _aСтерилизация (мед.)
_jУчебные издания для высших учебных заведений
_3RU\NLR\AUTH\66137199
_91143810
686 1 _aР193.94я73
686 1 _aР.с54я73
700 1 _aПравосудова
_bН. А.
_gНаталья Александровна
701 1 _7ca
_8rus
_aМельников
_bВ. Л.
_cд-р мед. наук
_f1965-
_gВиктор Львович
_921499
_3RU\NLR\AUTH\7738515
702 1 _7ca
_8rus
_aМорозова
_bМ. И.
_cканд. биол. наук
_gМария Игоревна
_9151079
_3RU\NLR\AUTH\770151117
942 _cBOOK
980 _aNBR
980 _aNB